La democracia y los partidos políticos: conclusión de 1912

Na minha lista:
Detalhes bibliográficos
Autor principal: Ostrogorski, Moisei (autor)
Outros Autores: Lastra, Antonio (presentación)
Formato: Livro
Idioma:espanhol
Publicado em: Madrid Trotta 2008
Colecção:Mínima Trotta
Assuntos:
Tags: Adicionar Tag
Sem tags, seja o primeiro a adicionar uma tag!

MARC

LEADER 00000nam a2200000 a 4500
001 UCH5675
003 CL-VaPUC
005 20221214173556.0
008 091015e20080000SP |||||||||||||||||spa|d
999 |c 336777  |d 336775 
020 |a 9788481649956 
040 |c Pontificia Universidad Católica de Valparaíso 
082 0 4 |a 321.8  |b OST  |2 21 
100 |a Ostrogorski, Moisei  |e autor  |9 541990 
245 1 3 |a La democracia y los partidos políticos: conclusión de 1912 
260 |a Madrid  |b Trotta  |c 2008 
300 |a 142 p 
490 0 |a Mínima Trotta 
583 |a last modification  |c 20091015 00:00:00  |k Rodrigo Vera 
650 0 |a Democracia  |9 255256 
650 0 |a Partidos políticos  |9 254999 
650 0 |a Política  |9 255312 
650 0 |a Derechos humanos  |9 223025 
700 |a Lastra, Antonio  |e presentación  |9 879342 
942 |c BK  |2 ddc 
945 |d 20091015 00:00:00  |a rbrito 
952 |0 0  |1 0  |4 0  |6 321_800000000000000_OST_2008  |7 0  |8 A  |9 428704  |a BIBHIS  |b BIBHIS  |d 2019-11-22  |i 4606914  |o 321.8 OST 2008  |p 4606914  |r 2025-01-20  |w 2019-11-22  |y BK  |k HIS